[Event "Oslo Stjernens op"]
[Site "Oslo"]
[Date "2016.06.05"]
[Round "6"]
[White "Dupovac, Rijad"]
[Black "Kostadinov, Kaloyan"]
[Result "0-1"]
[WhiteElo "1514"]
[BlackElo "2093"]
[PlyCount "56"]
[EventDate "2016.06.05"]
[EventType "swiss"]
[EventRounds "6"]
[EventCountry "NOR"]
[SourceTitle "CBM 173 Extra"]
[Source "ChessBase"]
[SourceDate "2016.08.29"]
[SourceVersion "1"]
[SourceVersionDate "2016.08.29"]
[SourceQuality "1"]

1. e4 c6 2. Nf3 d5 3. Nc3 dxe4 4. Nxe4 Nd7 5. d4 Ngf6 6. Ng3 e6 7. Bd3 Bd6 8. 0-0 0-0 9. Re1 c5 10. c3 cxd4 11. cxd4 b6 12. Ne4 Bc7 13. Bg5 Bb7 14. Rc1 Rc8 15. Re2 Bxe4 16. Bxe4 Bb8 17. Rec2 Rxc2 18. Qxc2 h6 19. Bh4 Bf4 20. Rd1 Qc8 21. Qb1 Qc7 22. Bd3 Rc8 23. Ba6 Rb8 24. a3 b5 25. a4 bxa4 26. Qa2 Qc2 27. Rf1 Rxb2 28. Qxa4 Qxa4 0-1

[Event "Oslo Stjernens op"]
[Site "Oslo"]
[Date "2016.06.05"]
[Round "5"]
[White "Kostadinov, Kaloyan"]
[Black "Tryggestad, Andreas Garberg"]
[Result "0-1"]
[WhiteElo "2093"]
[BlackElo "2127"]
[PlyCount "110"]
[EventDate "2016.06.05"]
[EventType "swiss"]
[EventRounds "6"]
[EventCountry "NOR"]
[SourceTitle "CBM 173 Extra"]
[Source "ChessBase"]
[SourceDate "2016.08.29"]
[SourceVersion "1"]
[SourceVersionDate "2016.08.29"]
[SourceQuality "1"]

1. d4 Nf6 2. c4 g6 3. Nc3 d5 4. Nf3 Bg7 5. Bg5 Ne4 6. Be3 Nxc3 7. bxc3 0-0 8. cxd5 Qxd5 9. g3 Qa5 10. Bd2 c5 11. Bg2 cxd4 12. cxd4 Qh5 13. Rc1 Nc6 14. Rc5 Qg4 15. e3 Qe4 16. 0-0 Qd3 17. Ne1 Qa6 18. Bd5 Bh3 19. Ng2 e6 20. Bc4 Qb6 21. Qc2 Bxd4 22. Rb5 Qc7 23. Rfb1 Bb6 24. Nf4 Bf5 25. Bd3 Bxd3 26. Qxd3 Rad8 27. Qe2 e5 28. Nd5 Qd6 29. Bc3 Bc5 30. Nf6+ Qxf6 31. Rxc5 b6 32. Rc4 Qe6 33. Rc1 Rc8 34. Bb2 Ne7 35. Rxc8 Rxc8 36. Rxc8+ Nxc8 37. Qb5 f6 38. a4 Kf7 39. Ba3 Ne7 40. Qb4 g5 41. h4 h5 42. hxg5 fxg5 43. Qe4 Nf5 44. Qb7+ Kg6 45. Qxa7 h4 46. e4 Nd4 47. Bf8 Nf3+ 48. Kf1 h3 49. Qg7+ Kh5 50. Qh7+ Kg4 51. Ke2 h2 52. Kd3 Qb3+ 53. Ke2 Qc2+ 54. Kf1 Qd1+ 55. Kg2 Qg1# 0-1

[Event "Oslo Stjernens op"]
[Site "Oslo"]
[Date "2016.06.05"]
[Round "2"]
[White "Kovachev, Daniel Jakobsen"]
[Black "Kostadinov, Kaloyan"]
[Result "1-0"]
[WhiteElo "2316"]
[BlackElo "2093"]
[PlyCount "109"]
[EventDate "2016.06.05"]
[EventType "swiss"]
[EventRounds "6"]
[EventCountry "NOR"]
[SourceTitle "CBM 173 Extra"]
[Source "ChessBase"]
[SourceDate "2016.08.29"]
[SourceVersion "1"]
[SourceVersionDate "2016.08.29"]
[SourceQuality "1"]

1. Nf3 Nf6 2. d4 d5 3. e3 g6 4. c4 c6 5. Nc3 Bg7 6. Be2 0-0 7. 0-0 Nbd7 8. b4 dxc4 9. Bxc4 Nb6 10. Bb3 Nbd5 11. Nxd5 cxd5 12. Ne5 Be6 13. Bb2 Ne4 14. Rc1 Qd6 15. Nd3 b6 16. Qe2 Bh6 17. Rc2 Rac8 18. Rfc1 Rxc2 19. Rxc2 Qb8 20. Ne5 Nd6 21. b5 f6 22. Nc6 Qb7 23. Ba3 Re8 24. Bxd6 exd6 25. Qf3 Qf7 26. Nb4 Kg7 27. Bxd5 Re7 28. Bxe6 Qxe6 29. Nd5 Rf7 30. g3 g5 31. Nc7 Qe7 32. Qf5 Kg8 33. Nd5 Qb7 34. Nxf6+ Kg7 35. Qxh7+ Kxf6 36. Qxh6+ Ke7 37. Qxg5+ Kd7 38. Qg4+ Ke7 39. Qc8 Qxc8 40. Rxc8 Ke6 41. Kf1 Kd5 42. Ke2 Rh7 43. h4 Rg7 44. h5 Rg5 45. h6 Rh5 46. Rh8 Kc4 47. g4 Rh2 48. g5 Kd5 49. g6 Kc4 50. g7 Kxb5 51. g8Q Kb4 52. Qb3+ Ka5 53. Ra8 Ka6 54. Qc4+ Kb7 55. Qc8# 1-0

[Event "Benidorm op U2300 11th"]
[Site "Benidorm"]
[Date "2012.12.02"]
[Round "3"]
[White "Kostadinov, Kaloyan"]
[Black "Remolar Gallen, Jose"]
[Result "0-1"]
[WhiteElo "2047"]
[BlackElo "2172"]
[PlyCount "72"]
[EventDate "2012.11.30"]
[EventType "swiss"]
[EventRounds "10"]
[EventCountry "ESP"]
[SourceTitle "EXT 2014"]
[Source "ChessBase"]
[SourceDate "2013.11.20"]
[SourceVersion "1"]
[SourceVersionDate "2013.11.20"]
[SourceQuality "1"]

1. Nf3 b5 2. a4 b4 3. g3 Bb7 4. Bg2 Nf6 5. a5 c5 6. c3 e6 7. d4 cxd4 8. cxd4 d5 9. Bg5 Bd6 10. Ne5 0-0 11. Nd2 Nbd7 12. Nxd7 Qxd7 13. Bxf6 gxf6 14. 0-0 f5 15. e3 Rfc8 16. a6 Bc6 17. Qh5 Bf8 18. Nf3 Bb5 19. Ne5 Qe7 20. Rac1 Bxa6 21. Rc5 Rxc5 22. dxc5 Bb5 23. g4 Qf6 24. f4 Bxc5 25. Kf2 fxg4 26. Nxg4 Qxf4+ 27. Bf3 Kh8 28. Qe5+ Qxe5 29. Nxe5 Be8 30. Nd3 Bf8 31. e4 dxe4 32. Bxe4 Rd8 33. Ke3 Bh6+ 34. Ke2 f5 35. Bf3 Bb5 36. Rd1 e5 0-1

[Event "NOR-chT Clubs"]
[Site "Drammen"]
[Date "2010.10.10"]
[Round "6"]
[White "Kostadinov, Kaloyan"]
[Black "Hauge, Lars Oskar"]
[Result "1/2-1/2"]
[WhiteElo "2024"]
[BlackElo "1812"]
[PlyCount "136"]
[EventDate "2010.10.08"]
[EventType "team"]
[EventRounds "6"]
[EventCountry "NOR"]
[SourceTitle "EXT 2015"]
[Source "ChessBase"]
[SourceDate "2014.11.20"]
[SourceVersion "1"]
[SourceVersionDate "2014.11.20"]
[SourceQuality "1"]
[WhiteTeam "Stjernen"]
[BlackTeam "OSS IV"]
[WhiteTeamCountry "NOR"]
[BlackTeamCountry "NOR"]

1. c4 e5 2. Nc3 Nc6 3. Nf3 f5 4. d4 e4 5. Ng1 Nf6 6. Bg5 Be7 7. h4 0-0 8. e3 h6 9. Bxf6 Bxf6 10. g3 d6 11. a3 Ne7 12. Nge2 Be6 13. Nf4 Bf7 14. Rc1 c5 15. d5 Qb6 16. Qc2 Ng6 17. Nxg6 Bxg6 18. Be2 Rae8 19. Bd1 Rf7 20. h5 Bh7 21. Qd2 Rff8 22. Ba4 Rd8 23. Rb1 g5 24. hxg6 Bxg6 25. Ne2 Be5 26. Rh4 Bf6 27. Nf4 Bxh4 28. Nxg6 Bf6 29. Nxf8 Kxf8 30. Bd1 Kg7 31. Qc2 Qc7 32. Bh5 Qe7 33. Qb3 b6 34. Qa4 Rc8 35. Qa6 Rc7 36. Qa4 Rc8 37. Qc2 Be5 38. Kd2 b5 39. Be2 bxc4 40. Bxc4 Rb8 41. Kc1 h5 42. Qe2 h4 43. gxh4 Rh8 44. Kc2 Rxh4 45. Rg1+ Kf8 46. Kb3 Rh2 47. Qd2 Qh4 48. Qa5 Rxf2 49. Qc7 Rxb2+ 50. Ka4 Qe7 51. Rg8+ Kf7 52. Qc8 Rb7 53. Bb5 Rc7 54. Qa8 Bg7 55. Re8 Qg5 56. Re6 Bf6 57. Rxd6 Qxe3 58. Rxf6+ Kxf6 59. Qd8+ Re7 60. d6 Qd4+ 61. Kb3 Qe3+ 62. Kc2 Qf2+ 63. Kd1 Qg1+ 64. Ke2 Qg2+ 65. Ke1 Qg1+ 66. Bf1 Qe3+ 67. Be2 Qc1+ 68. Kf2 Qf4+ 1/2-1/2

[Event "Oslo Akademisk Pfingst op"]
[Site "Oslo"]
[Date "2010.05.22"]
[Round "5"]
[White "Gholami, Armin"]
[Black "Kostadinov, Kaloyan"]
[Result "0-1"]
[WhiteElo "1792"]
[BlackElo "2058"]
[PlyCount "75"]
[EventDate "2010.05.22"]
[EventType "swiss"]
[EventRounds "6"]
[EventCountry "NOR"]
[SourceTitle "EXT 2012"]
[Source "ChessBase"]
[SourceDate "2011.11.24"]
[SourceVersion "1"]
[SourceVersionDate "2011.11.24"]
[SourceQuality "1"]

1. d4 Nf6 2. Nf3 g6 3. c4 Bg7 4. Nc3 0-0 5. g3 d5 6. Bg2 dxc4 7. Ne5 c5 8. dxc5 Na6 9. Qxd8 Rxd8 10. c6 Nb4 11. 0-0 Nxc6 12. Nxc6 bxc6 13. Bxc6 Rb8 14. Rb1 Bf5 15. e4 Bh3 16. Re1 Ng4 17. Nd5 Bd4 18. Be3 Bxe3 19. Rxe3 Nxe3 20. Nxe3 c3 21. b3 Rbc8 22. Bd5 e6 23. Bc4 Rd2 24. a4 Rb2 25. Rc1 Rd8 26. Nd1 Rc2 27. Rb1 Rdd2 28. b4 Rd4 29. Bf1 Bxf1 30. Kxf1 Rxe4 31. a5 a6 32. b5 axb5 33. Ra1 Rd4 34. a6 Rd8 35. a7 Ra8 36. Ne3 Rb2 37. Nd1 Rb3 38. Ne3 0-1

[Event "Oslo Akademisk Pfingst op"]
[Site "Oslo"]
[Date "2010.05.22"]
[Round "4"]
[White "Kostadinov, Kaloyan"]
[Black "Kvisla, Johannes Luangtep"]
[Result "0-1"]
[WhiteElo "2058"]
[BlackElo "2163"]
[PlyCount "112"]
[EventDate "2010.05.22"]
[EventType "swiss"]
[EventRounds "6"]
[EventCountry "NOR"]
[SourceTitle "EXT 2012"]
[Source "ChessBase"]
[SourceDate "2011.11.24"]
[SourceVersion "1"]
[SourceVersionDate "2011.11.24"]
[SourceQuality "1"]

1. c4 e6 2. Nc3 Nf6 3. Nf3 d5 4. e3 c6 5. d4 Nbd7 6. Qc2 Bd6 7. Bd3 0-0 8. Bd2 dxc4 9. Bxc4 b5 10. Bd3 Bb7 11. 0-0 a6 12. Rfd1 c5 13. dxc5 Nxc5 14. Be1 Qc7 15. h3 Nxd3 16. Qxd3 Rfd8 17. Qf1 b4 18. Ne2 a5 19. Nfd4 Qc5 20. Rac1 Qe5 21. g3 Qh5 22. Nf4 Bxf4 23. exf4 Qd5 24. Kh2 Qxa2 25. b3 Rxd4 26. Rxd4 Qxb3 27. Qd3 Qxd3 28. Rxd3 Nd5 29. Rd4 h5 30. Kg1 Ra6 31. Rc5 Kf8 32. f3 Ke7 33. Kf2 Bc6 34. Ke2 Kd6 35. Rxa5 Rb6 36. Bf2 Rb7 37. Rd2 b3 38. Bd4 f6 39. Bb2 Bb5+ 40. Kf2 Kc6 41. Rd4 Nb6 42. Ra3 Bc4 43. Ra1 Bd5 44. Rd2 Nc4 45. Re2 Kb5 46. g4 h4 47. Ra8 Nxb2 48. Rxb2 Kb4 49. Ra1 Kc3 50. Rbb1 Bc4 51. Ke3 Rd7 52. Rc1+ Kb2 53. Rxc4 Kxa1 54. Ra4+ Kb1 55. Ra6 b2 56. Rc6 Rb7 0-1

[Event "Stjernen CC-ch"]
[Site "Oslo"]
[Date "2010.02.02"]
[Round "1"]
[White "Kostadinov, Kaloyan"]
[Black "Kutrovac, Milan"]
[Result "1-0"]
[WhiteElo "2085"]
[BlackElo "1676"]
[PlyCount "93"]
[EventDate "2010.02.02"]
[EventType "swiss"]
[EventRounds "9"]
[EventCountry "NOR"]
[SourceTitle "EXT 2024"]
[Source "ChessBase"]
[SourceDate "2023.10.10"]
[SourceVersion "1"]
[SourceVersionDate "2023.10.10"]
[SourceQuality "1"]

1. c4 e5 2. Nc3 c5 3. Nf3 Nc6 4. g3 Nf6 5. Bg2 g6 6. d3 Bg7 7. Bg5 h6 8. Bxf6 Qxf6 9. Nd2 Qd8 10. Qa4 0-0 11. 0-0 Ne7 12. Rab1 d6 13. b4 Bd7 14. Qa3 cxb4 15. Rxb4 Bc6 16. Bxc6 bxc6 17. Rb7 Re8 18. Nce4 d5 19. Nd6 Rf8 20. cxd5 cxd5 21. Rc1 Nc8 22. Rc6 Nxd6 23. Rxd6 Qc8 24. Rxa7 Rxa7 25. Qxa7 Qc3 26. Nf1 d4 27. Qa4 Rc8 28. Rd7 Qe1 29. Qb3 Rf8 30. e3 h5 31. e4 Qe2 32. a4 g5 33. h3 g4 34. hxg4 Qxg4 35. Rb7 Bh6 36. a5 h4 37. a6 Be3 38. fxe3 dxe3 39. Nxe3 Qxg3+ 40. Ng2 h3 41. Qc2 Kh8 42. Qd2 hxg2 43. a7 Qh3 44. Qxg2 Rg8 45. Qxg8+ Kxg8 46. a8Q+ Kg7 47. Qa2 1-0

[Event "Benidorm op U2000 08th"]
[Site "Benidorm"]
[Date "2009.11.30"]
[Round "3"]
[White "Rubio Trigueros, Jose Luis"]
[Black "Kostadinov, Kaloyan"]
[Result "1/2-1/2"]
[WhiteElo "1883"]
[BlackElo "1979"]
[PlyCount "110"]
[EventDate "2009.11.28"]
[EventType "swiss"]
[EventRounds "10"]
[EventCountry "ESP"]
[SourceTitle "CBM 133 Extra"]
[Source "ChessBase"]
[SourceDate "2010.01.05"]
[SourceVersion "1"]
[SourceVersionDate "2010.01.05"]
[SourceQuality "1"]

1. d4 Nf6 2. c4 b6 3. Nc3 Bb7 4. Nf3 e6 5. Bg5 Bb4 6. e3 Bxc3+ 7. bxc3 Qe7 8. Be2 Qa3 9. Qb3 Qxb3 10. axb3 Ne4 11. Bf4 d6 12. Rc1 Nd7 13. Bd3 h6 14. h3 g5 15. Bh2 Ke7 16. Bxe4 Bxe4 17. Ke2 a5 18. Ra1 Rhg8 19. Ne1 f5 20. f3 Bc6 21. b4 axb4 22. cxb4 Rgc8 23. Nc2 Ba4 24. Kd2 Bxc2 25. Kxc2 c6 26. Kb2 e5 27. dxe5 dxe5 28. Rxa8 Rxa8 29. Ra1 Rxa1 30. Kxa1 Ke6 31. Kb2 f4 32. e4 b5 33. Bg1 h5 34. Kc3 g4 35. hxg4 hxg4 36. fxg4 Nf6 37. cxb5 cxb5 38. Kd3 Nxg4 39. Ke2 Kf6 40. Kf3 Kg5 41. g3 fxg3 42. Kxg3 Nf6 43. Kf3 Ne8 44. Bc5 Kf6 45. Ke3 Ng7 46. Kf3 Ne6 47. Ke3 Nf4 48. Bb6 Ke6 49. Bc7 Ng6 50. Bb6 Kd7 51. Kf3 Nf4 52. Ke3 Ng6 53. Kf3 Kc6 54. Bf2 Nf8 55. Be3 Kd6 1/2-1/2